000 00296nam a22001337a 4500
008 171123b xxu||||| |||| 00| 0 eng d
020 _a9780782114140
041 _aeng
080 _a004
100 _a28
101 _aSHK
245 _aYOUR FIRST C/C++ PROGRAM
_cNEIBAUER.A.R
942 _2udc
_cBK
999 _c38380
_d38380